[Event "Riga Tech Open A 2015"]
[Site "Riga LAT"]
[Date "2015.08.11"]
[Round "2.14"]
[White "Skoberne, Jure"]
[Black "Bartel, Marta"]
[Result "0-1"]
[WhiteTitle "GM"]
[BlackTitle "WGM"]
[WhiteElo "2547"]
[BlackElo "2340"]
[WhiteFideId "14604299"]
[BlackFideId "1123009"]
[EventDate "2015.08.10"]

1. e4 c5 2. c3 d5 3. exd5 Qxd5 4. d4 Nc6 5. Nf3 Bf5 6. Be2 cxd4 7. cxd4 Bxb1 8.
Rxb1 e6 9. O-O Bd6 10. b4 Nf6 11. b5 Ne7 12. Ne5 Bxe5 13. dxe5 Qxe5 14. Bf3 O-O
15. Bxb7 Rab8 16. Qf3 Nfd5 17. Bb2 Qg5 18. Ba6 Rfd8 19. Rbd1 h5 20. h4 Qxh4 21.
Be5 Ng6 22. Bxb8 Rxb8 23. Qg3 Qd8 24. Rd4 h4 25. Qg4 Qf6 26. Rc1 Ndf4 27. Rcc4
Nd5 28. Rc8+ Rxc8 29. Bxc8 h3 30. Bb7 Ngf4 31. Rd1 hxg2 32. Bxd5 exd5 33. Re1 g5
34. a4 Kg7 35. Kh2 d4 36. a5 d3 37. b6 axb6 38. a6 Qh6+ 39. Kg3 d2 40. Rg1 Qh1
41. a7 Qxg1 42. a8=Q d1=Q 43. Qxg5+ Ng6 0-1

[Event "Riga Tech Open A 2015"]
[Site "Riga LAT"]
[Date "2015.08.11"]
[Round "2.15"]
[White "Merry, Alan B"]
[Black "Alekseenko, Kirill"]
[Result "1-0"]
[WhiteTitle "FM"]
[BlackTitle "GM"]
[WhiteElo "2340"]
[BlackElo "2540"]
[WhiteFideId "418811"]
[BlackFideId "4135539"]
[EventDate "2015.08.10"]

1. b3 e5 2. Bb2 Nc6 3. e3 Nf6 4. Bb5 Bd6 5. Na3 Na5 6. Be2 a6 7. c4 Qe7 8. Nc2
O-O 9. Nf3 c5 10. d4 exd4 11. O-O d3 12. Bxd3 Nc6 13. e4 Ng4 14. h3 Nge5 15. Ne3
Nxf3+ 16. Qxf3 Be5 17. Nf5 Qf6 18. Bxe5 Qxe5 19. Qe3 Re8 20. Qg5 d6 21. f4 Qf6
22. Qxf6 gxf6 23. Ne3 Ne7 24. Rad1 a5 25. Bc2 Ra6 26. Rf2 a4 27. Rfd2 axb3 28.
axb3 Nc6 29. Nd5 Rd8 30. Nxf6+ Kf8 31. Rxd6 Rxd6 32. Rxd6 Ra1+ 33. Kh2 Ra2 34.
Bd1 Ke7 35. e5 Nd4 36. Bg4 Bf5 37. Rb6 Ra7 38. Rd6 Ra2 39. Bxf5 Nxf5 40. Rd7+
Ke6 41. Rxb7 Ne3 42. Kg3 Nf5+ 43. Kf3 Nd4+ 44. Ke4 Re2+ 45. Kd3 Re1 46. Ne4 Rd1+
47. Kc3 Kf5 48. Nxc5 Kxf4 49. Rxf7+ Ke3 50. e6 Rc1+ 51. Kb4 1-0

[Event "Riga Tech Open A 2015"]
[Site "Riga LAT"]
[Date "2015.08.11"]
[Round "3.2"]
[White "Ladva, Ottomar"]
[Black "Fridman, Daniel"]
[Result "0-1"]
[WhiteTitle "IM"]
[BlackTitle "GM"]
[WhiteElo "2452"]
[BlackElo "2639"]
[WhiteFideId "4500024"]
[BlackFideId "11600454"]
[EventDate "2015.08.10"]

1. d4 Nf6 2. c4 e6 3. Nc3 Bb4 4. Qc2 d5 5. cxd5 exd5 6. Bg5 h6 7. Bxf6 Qxf6 8.
e3 O-O 9. Nf3 c6 10. Be2 Nd7 11. O-O Qe7 12. a3 Bd6 13. Na4 Nf6 14. b4 Bg4 15.
h3 Bh5 16. Nh4 Bxe2 17. Qxe2 g6 18. Nc5 a5 19. Nf3 Ra7 20. Rac1 axb4 21. axb4
Ne4 22. Rc2 Rfa8 23. Nd2 Nf6 24. Rfc1 Ra1 25. Ndb3 R1a3 26. Na5 Bxc5 27. dxc5
Ne4 28. Qd1 Ra7 29. Qd4 Qf6 30. f3 Qxd4 31. exd4 Ng5 32. Rd1 Kf8 33. Kf2 Ne6 34.
h4 Ke7 35. h5 gxh5 36. Re2 Ra4 37. Rb2 h4 38. Rh1 h3 39. Rxh3 Nf4 40. Kg3 Nxh3
41. gxh3 Kf6 42. Kg4 R7xa5 43. bxa5 Rxd4+ 44. Kh5 Ra4 45. Rxb7 Rxa5 46. Kxh6
Rxc5 47. h4 d4 48. Kh7 d3 0-1

[Event "Riga Tech Open A 2015"]
[Site "Riga LAT"]
[Date "2015.08.11"]
[Round "3.3"]
[White "Givon, Asaf"]
[Black "Melkumyan, Hrant"]
[Result "0-1"]
[WhiteTitle "IM"]
[BlackTitle "GM"]
[WhiteElo "2440"]
[BlackElo "2633"]
[WhiteFideId "2801841"]
[BlackFideId "13302485"]
[EventDate "2015.08.10"]

1. e4 e5 2. Nf3 Nc6 3. Bb5 a6 4. Ba4 Nf6 5. O-O Be7 6. Re1 b5 7. Bb3 d6 8. c3
O-O 9. d4 Bg4 10. Be3 Bd7 11. Bc2 exd4 12. cxd4 Nb4 13. Nc3 Nxc2 14. Qxc2 Bg4
15. d5 Bxf3 16. gxf3 Nd7 17. Ne2 Ne5 18. Nd4 Qd7 19. Qe2 Bf6 20. Kh1 Nc4 21.
Rac1 Rae8 22. b3 Nxe3 23. fxe3 Bxd4 24. exd4 f5 25. e5 dxe5 26. dxe5 Qxd5 27.
Rxc7 Rf7 28. Rd1 Qe6 29. Rxf7 Qxf7 30. f4 h6 31. h3 Kh7 32. Qf3 Rc8 33. Rd2 b4
34. Kh2 a5 35. Qd5 Qh5 36. Qg2 Rc3 37. Rd6 Re3 38. Rd7 Qg6 39. Qxg6+ Kxg6 40.
Rd6+ Kh5 41. Rd5 Kh4 42. Rxa5 Re2+ 43. Kg1 Kg3 44. Kf1 Rf2+ 45. Ke1 Rxf4 46. Rb5
Re4+ 47. Kf1 f4 48. e6 f3 49. e7 f2 0-1

[Event "Riga Tech Open A 2015"]
[Site "Riga LAT"]
[Date "2015.08.11"]
[Round "3.4"]
[White "Gavrilov, Alexei1"]
[Black "Naroditsky, Daniel"]
[Result "1/2-1/2"]
[WhiteTitle "GM"]
[BlackTitle "GM"]
[WhiteElo "2439"]
[BlackElo "2631"]
[WhiteFideId "4104358"]
[BlackFideId "2026961"]
[EventDate "2015.08.10"]

1. e4 e5 2. Nf3 Nc6 3. Bb5 a6 4. Ba4 Nf6 5. O-O Be7 6. Bxc6 dxc6 7. d3 Nd7 8.
Nbd2 O-O 9. Nc4 f6 10. Nh4 Nc5 11. Nf5 Bxf5 12. exf5 Qd7 13. Qf3 Qd5 14. Qg4 a5
15. Be3 b5 1/2-1/2

[Event "Riga Tech Open A 2015"]
[Site "Riga LAT"]
[Date "2015.08.11"]
[Round "3.5"]
[White "Socko, Bartosz"]
[Black "Cawdery, Daniel"]
[Result "1-0"]
[WhiteTitle "GM"]
[BlackTitle "IM"]
[WhiteElo "2622"]
[BlackElo "2424"]
[WhiteFideId "1107038"]
[BlackFideId "14300249"]
[EventDate "2015.08.10"]

1. d4 Nf6 2. c4 g6 3. Nc3 d5 4. Bf4 Bg7 5. e3 O-O 6. Rc1 c5 7. dxc5 Qa5 8. cxd5
Rd8 9. Bc4 Be6 10. b4 Qxb4 11. Qb3 Qxb3 12. Bxb3 Nxd5 13. Nxd5 Rxd5 14. Bxd5
Bxd5 15. Rd1 Bc3+ 16. Kf1 e6 17. e4 Bc4+ 18. Ne2 Nc6 19. Rc1 Rd8 20. Bd6 Nd4 21.
Rxc3 Bxe2+ 22. Ke1 Nb5 23. Rb3 Bc4 24. Rb4 Nxd6 25. cxd6 b5 26. e5 Kf8 27. Kd2
a5 28. Rb2 1-0

[Event "Riga Tech Open A 2015"]
[Site "Riga LAT"]
[Date "2015.08.11"]
[Round "3.6"]
[White "Hovhannisyan, Robert"]
[Black "Lanka, Zigurds"]
[Result "1-0"]
[WhiteTitle "GM"]
[BlackTitle "GM"]
[WhiteElo "2612"]
[BlackElo "2419"]
[WhiteFideId "13302507"]
[BlackFideId "11600047"]
[EventDate "2015.08.10"]

1. e4 c5 2. Nf3 e6 3. d4 cxd4 4. Nxd4 a6 5. Be2 Qc7 6. O-O b6 7. Nc3 Bb7 8. f4
Nc6 9. Be3 Bc5 10. Kh1 Nge7 11. Qd2 Nxd4 12. Bxd4 Bxd4 13. Qxd4 O-O 14. Rad1 d5
15. exd5 Nxd5 16. Nxd5 Bxd5 17. c4 Bc6 18. Qd6 Rac8 19. b3 Qxd6 20. Rxd6 Rfd8
21. Rfd1 Rxd6 22. Rxd6 Kf8 23. Kg1 Ke7 24. Rd2 a5 25. Kf2 h6 26. g3 g5 27. Rd4
f6 28. Ke3 Bb7 29. a3 Rc5 30. Kd2 e5 31. fxe5 fxe5 32. Rd3 Rc8 33. Ke3 Rf8 34.
Rd1 Bc6 35. Ra1 Kd6 36. Rc1 Rf7 37. Rd1+ Kc7 38. Bg4 Rf8 39. Bh5 Bb7 40. Be2 Bc6
41. Bg4 Rf6 42. b4 axb4 43. axb4 Be8 44. Rd5 Bf7 45. Rd7+ Kc6 46. b5+ Kc5 47.
Rc7+ Kb4 48. Rc6 Rf1 49. Rxh6 Bxc4 50. Rxb6 Re1+ 51. Kf2 Rf1+ 52. Kg2 Rb1 53.
Rb8 Rb2+ 54. Kg1 Bd5 55. Re8 e4 56. Bf5 Re2 57. b6 e3 58. Be4 Bxe4 59. Rxe4+ Kc5
60. b7 Rb2 61. Rxe3 Kd6 62. Re4 Rxb7 63. Kg2 Rh7 64. Re8 Rh5 65. h3 Kd5 66. Rg8
Ke6 67. g4 Kf7 68. Ra8 Rh6 69. Ra7+ Kg8 70. Ra5 Rg6 71. Kf3 Kh7 72. Ke4 Rh6 73.
Ra7+ Kg8 74. Ra3 Kh7 75. Kf5 Rg6 76. Ra8 Rh6 77. Ra7+ Kg8 78. Ra3 1-0

[Event "Riga Tech Open A 2015"]
[Site "Riga LAT"]
[Date "2015.08.11"]
[Round "3.7"]
[White "Lugovskoy, Maxim"]
[Black "Jumabayev, Rinat"]
[Result "1-0"]
[WhiteTitle "IM"]
[BlackTitle "GM"]
[WhiteElo "2431"]
[BlackElo "2600"]
[WhiteFideId "24126454"]
[BlackFideId "13702661"]
[EventDate "2015.08.10"]

1. e4 c5 2. Nf3 Nc6 3. d4 cxd4 4. Nxd4 e6 5. Nc3 Qc7 6. Be3 a6 7. Qf3 Nf6 8.
O-O-O Be7 9. Kb1 O-O 10. g4 Nxd4 11. Bxd4 b5 12. Bd3 Bb7 13. Qh3 e5 14. g5 Ne8
15. Be3 Nd6 16. f4 f6 17. g6 hxg6 18. Rhg1 b4 19. Rxg6 bxc3 20. Rxg7+ Kxg7 21.
Qh5 Rg8 22. fxe5 Nf7 23. Rg1+ Kf8 24. Bh6+ Nxh6 25. Qxh6+ Kf7 26. Qh7+ Ke6 27.
Rxg8 Qxe5 28. Rxa8 Bxa8 29. Qg8+ Kd6 30. Qxa8 a5 31. Qa6+ Kc7 32. Bb5 Qd4 33.
Qxa5+ Kb8 34. bxc3 Qg1+ 35. Kb2 Qc5 36. Qa4 d5 37. exd5 Kc7 38. Qc4 Kb6 39.
Qxc5+ Kxc5 40. c4 f5 41. Kc3 Kd6 42. Kd4 Bf6+ 43. Ke3 Ke5 44. a4 Bd8 45. Kf3 Kf6
46. h4 1-0

[Event "Riga Tech Open A 2015"]
[Site "Riga LAT"]
[Date "2015.08.11"]
[Round "3.8"]
[White "Prasanna, Raghuram Rao"]
[Black "Dragun, Kamil"]
[Result "0-1"]
[WhiteTitle "IM"]
[BlackTitle "GM"]
[WhiteElo "2424"]
[BlackElo "2572"]
[WhiteFideId "5022401"]
[BlackFideId "1134167"]
[EventDate "2015.08.10"]

1. e4 c6 2. d4 d5 3. exd5 cxd5 4. Nf3 Nf6 5. Bd3 Bg4 6. Nbd2 Nc6 7. c3 e6 8. Qa4
Nd7 9. O-O Bd6 10. Re1 Qc7 11. b4 Bh5 12. Qb3 Ne7 13. Bb2 O-O 14. Rac1 Bf4 15.
Rc2 Nb6 16. Bc1 Bxd2 17. Nxd2 Bg6 18. Bxg6 Nxg6 19. Nf3 a5 20. h4 Ne7 21. bxa5
Nc4 22. Ba3 Nxa3 23. Qxa3 Nc6 24. c4 Rxa5 25. Qb3 Qd7 26. Ne5 Nxe5 27. Rxe5 dxc4
28. Rxc4 Rxe5 29. dxe5 Rd8 30. Qc2 g6 31. g3 Qd5 32. Qe4 Qd2 33. Rc7 b5 34. Qb7
Qe1+ 35. Kg2 Rd1 36. Kf3 Rd3+ 37. Kg2 Rd1 38. Kf3 Rd2 39. Qb8+ Kg7 40. Qa7 Qe2+
41. Kg2 Qe4+ 42. Kh3 Qf5+ 43. Kg2 Qe4+ 44. Kh3 Qf3 45. Qe3 Qxe3 46. fxe3 Rxa2
47. Kg4 Rf2 48. Rc3 h5+ 49. Kh3 Rd2 50. e4 Rd4 51. Re3 Rc4 52. Kg2 Rc5 53. Rb3
Rxe5 54. Kf3 Rc5 55. Ke3 e5 0-1

[Event "Riga Tech Open A 2015"]
[Site "Riga LAT"]
[Date "2015.08.11"]
[Round "3.9"]
[White "Leenhouts, Koen"]
[Black "Kovalev, Vladislav"]
[Result "0-1"]
[WhiteTitle "IM"]
[BlackTitle "GM"]
[WhiteElo "2422"]
[BlackElo "2540"]
[WhiteFideId "1008439"]
[BlackFideId "13504398"]
[EventDate "2015.08.10"]

1. d4 Nf6 2. c4 e5 3. dxe5 Ng4 4. Nf3 Bc5 5. e3 Nc6 6. Be2 Ngxe5 7. Nxe5 Nxe5 8.
O-O O-O 9. Nc3 Re8 10. b3 a5 11. Ne4 Bf8 12. f4 Ng6 13. Ng5 Be7 14. Nxf7 Kxf7
15. Qd5+ Kf8 16. f5 Nh8 17. c5 c6 18. Qd1 Bf6 19. Rb1 Nf7 20. Rf3 Qe7 21. Bb2
Qxc5 0-1

[Event "Riga Tech Open A 2015"]
[Site "Riga LAT"]
[Date "2015.08.11"]
[Round "3.10"]
[White "Kozionov, Kirill"]
[Black "Baron, Tal"]
[Result "1/2-1/2"]
[WhiteTitle "IM"]
[BlackTitle "GM"]
[WhiteElo "2419"]
[BlackElo "2524"]
[WhiteFideId "24101729"]
[BlackFideId "2809958"]
[EventDate "2015.08.10"]

1. e4 e5 2. Nc3 Nf6 3. Nf3 Nc6 4. Bb5 Nd4 5. Bc4 Bc5 6. O-O d6 7. Nxd4 Bxd4 8.
d3 O-O 9. Be3 Bxe3 10. fxe3 Be6 11. Bxe6 fxe6 1/2-1/2

[Event "Riga Tech Open A 2015"]
[Site "Riga LAT"]
[Date "2015.08.11"]
[Round "3.11"]
[White "Chigaev, Maksim"]
[Black "Merry, Alan B"]
[Result "1-0"]
[WhiteTitle "IM"]
[BlackTitle "FM"]
[WhiteElo "2519"]
[BlackElo "2340"]
[WhiteFideId "4108116"]
[BlackFideId "418811"]
[EventDate "2015.08.10"]

1. e4 e5 2. Nf3 Nc6 3. Nc3 Nf6 4. Bb5 Bb4 5. O-O O-O 6. d3 Bxc3 7. bxc3 d6 8.
Bg5 Qe7 9. Re1 Nd8 10. d4 Ne6 11. Bd2 Rd8 12. Rb1 Nf8 13. Nh4 c6 14. Bd3 Bg4 15.
Qc1 Be6 16. f4 b6 17. f5 Bc8 18. Nf3 Qc7 19. Bg5 N8d7 20. Qe3 Re8 21. Qf2 d5 22.
dxe5 Ng4 23. Qg3 Ngxe5 24. Nxe5 Nxe5 25. exd5 Bb7 26. f6 cxd5 27. Be3 1-0

[Event "Riga Tech Open A 2015"]
[Site "Riga LAT"]
[Date "2015.08.11"]
[Round "3.12"]
[White "Bartel, Marta"]
[Black "Ziska, Helgi Dam"]
[Result "0-1"]
[WhiteTitle "WGM"]
[BlackTitle "IM"]
[WhiteElo "2340"]
[BlackElo "2515"]
[WhiteFideId "1123009"]
[BlackFideId "7200595"]
[EventDate "2015.08.10"]

1. d4 Nf6 2. Nf3 g6 3. g3 Bg7 4. Bg2 O-O 5. O-O d6 6. a4 Nbd7 7. a5 c6 8. Nc3
Qc7 9. e4 e5 10. h3 Re8 11. Re1 Rb8 12. Be3 b5 13. axb6 axb6 14. d5 b5 15. dxc6
Qxc6 16. Nd5 Nxd5 17. exd5 Qc7 18. Nd2 Bb7 19. Nb3 Nb6 20. Bxb6 Qxb6 21. Na5 e4
22. Nxb7 e3 23. Rxe3 Rxe3 24. fxe3 Bxb2 25. Rb1 Be5 26. Qd3 Rxb7 27. Kh2 Qc5 28.
h4 h5 29. Bf3 b4 30. Kg2 Rc7 31. Bd1 Re7 32. Bf3 Bc3 33. e4 Ra7 34. e5 Bxe5 35.
Qe2 Ra3 36. Rb3 Ra2 37. Be4 f5 38. Bd3 Ra1 39. Qf3 Rg1+ 40. Kh3 Rxg3+ 41. Qxg3
Bxg3 42. Kxg3 Qg1+ 43. Kf3 Qg4+ 44. Kf2 Qxh4+ 45. Kf1 Qh1+ 46. Kf2 Qxd5 0-1

[Event "Riga Tech Open A 2015"]
[Site "Riga LAT"]
[Date "2015.08.11"]
[Round "3.13"]
[White "Kuprijanov, Anatoly"]
[Black "Georgiadis, Nico"]
[Result "1/2-1/2"]
[WhiteTitle "FM"]
[BlackTitle "IM"]
[WhiteElo "2305"]
[BlackElo "2485"]
[WhiteFideId "24141143"]
[BlackFideId "1300113"]
[EventDate "2015.08.10"]

1. Nf3 f5 2. g3 Nf6 3. c4 g6 4. Bg2 Bg7 5. O-O O-O 6. Nc3 d6 7. d3 Nc6 8. Rb1
Nh5 9. Nd5 e6 10. Bg5 Qd7 11. Nf4 Nf6 12. b4 Qf7 13. b5 Ne7 14. e3 e5 15. Ne2 h6
16. Bxf6 Qxf6 17. Nd2 g5 18. Nc3 g4 19. Nd5 Nxd5 20. Bxd5+ Kh8 21. Qe2 Rb8 22.
Nb3 b6 23. f4 Bd7 24. Qd2 Rbe8 25. Rfe1 Re7 26. fxe5 Qxe5 27. d4 Qf6 28. Nc1 Qg5
29. Rb3 Rfe8 30. Kf2 Bf6 31. Ne2 Qg7 32. Rd3 Bg5 33. Nf4 Bxf4 34. gxf4 Qf6 35.
Ke2 Be6 36. Bxe6 Rxe6 37. Kd1 Re4 38. Ra3 Qf7 39. Ra4 R8e7 40. Kc2 Qe8 41. Ra3
Rxf4 42. e4 Rfxe4 43. Rxe4 fxe4 44. Qxh6+ Kg8 45. Rxa7 e3 46. Qg5+ Rg7 47. Qd5+
Kh7 48. Qf5+ Kh6 49. Qf4+ Kh7 50. Qf5+ Kh8 51. Kd1 e2+ 52. Ke1 Rf7 53. Qh5+ Kg8
54. Qg6+ Kf8 55. Qh6+ Kg8 56. Qg6+ Kf8 1/2-1/2

[Event "Riga Tech Open A 2015"]
[Site "Riga LAT"]
[Date "2015.08.11"]
[Round "3.14"]
[White "Schroeder, Jan-Christian"]
[Black "Bernotas, Arturs"]
[Result "1/2-1/2"]
[WhiteTitle "IM"]
[WhiteElo "2473"]
[BlackElo "2292"]
[WhiteFideId "24662259"]
[BlackFideId "11601426"]
[EventDate "2015.08.10"]

1. e4 c5 2. Nf3 d6 3. d4 cxd4 4. Nxd4 Nf6 5. Nc3 a6 6. Be2 e5 7. Nb3 Be7 8. O-O
O-O 9. Re1 Qc7 10. a4 b6 11. Bf3 Nbd7 12. Nd2 Bb7 13. Nf1 Nc5 14. Ng3 g6 15. Be3
Rfc8 16. Re2 Qb8 17. Rd2 b5 18. Bg5 b4 19. Bxf6 Bxf6 20. Nd5 Bxd5 21. Rxd5 Be7
22. Nf1 h5 23. Ne3 Ne6 24. Be2 Qa7 25. Bf1 Rc5 26. Rxc5 Qxc5 27. Qd5 Ra7 28.
Qxc5 Nxc5 29. f3 a5 30. Bb5 Ne6 31. Bd3 Bd8 32. Nc4 Bc7 33. Kf1 Kf8 34. Ke1 Ra8
35. Kd2 Rd8 36. Ne3 Bb6 37. Nd5 Bc5 38. Bc4 Rc8 39. Ba6 Ra8 40. Bb5 Nf4 41. Nxf4
exf4 42. Kd3 Rc8 43. Rd1 Ke7 44. Bc4 g5 45. Bb3 Be3 46. Ke2 Rc5 47. Rd5 Rxd5 48.
Bxd5 Bd4 49. b3 f6 50. Kd3 Bb6 51. Kc4 Bd8 52. Kb5 Kd7 53. h3 Bc7 54. Ka6 Bd8
55. Kb7 Be7 56. Bc6+ Ke6 57. Kc7 f5 58. Bd7+ Ke5 59. exf5 d5 60. Be6 d4 61. Kd7
Bf6 62. Ke8 h4 63. Kf7 Bd8 64. Kg6 Bf6 65. Bc4 Bd8 66. Bd3 Bf6 67. Kf7 Bh8 68.
Ke7 Bg7 69. Kd7 Bf6 70. Kc7 Be7 71. Kb6 Bd8+ 72. Kc5 Be7+ 73. Kc4 Bf6 74. Be4
Be7 75. Kb5 Bd8 76. Kc5 Be7+ 77. Kb6 Bd8+ 78. Kc5 Be7+ 1/2-1/2

[Event "Riga Tech Open A 2015"]
[Site "Riga LAT"]
[Date "2015.08.12"]
[Round "4.2"]
[White "Fridman, Daniel"]
[Black "Chigaev, Maksim"]
[Result "0-1"]
[WhiteTitle "GM"]
[BlackTitle "IM"]
[WhiteElo "2639"]
[BlackElo "2519"]
[WhiteFideId "11600454"]
[BlackFideId "4108116"]
[EventDate "2015.08.10"]

1. d4 Nf6 2. c4 g6 3. g3 Bg7 4. Bg2 O-O 5. Nc3 d6 6. Nf3 Nbd7 7. O-O e5 8. e4 c6
9. h3 Qb6 10. Re1 exd4 11. Nxd4 Re8 12. Re2 Qb4 13. Rc2 Nc5 14. Bd2 Qb6 15. Be3
Qc7 16. f3 a5 17. b3 Nfd7 18. Bf2 Ne5 19. Rd2 h5 20. f4 Ned7 21. Qc2 Nf6 22. Re1
Bd7 23. Nf3 b6 24. Bxc5 bxc5 25. Qd1 Rad8 26. e5 dxe5 27. Nxe5 h4 28. g4 g5 29.
Nxd7 Rxe1+ 30. Qxe1 Nxd7 31. Ne2 gxf4 32. Qxh4 Nf6 33. Rxd8+ Qxd8 34. Qf2 Qd1+
35. Bf1 Nd7 36. Qxf4 Ne5 37. Qe3 a4 38. Kg2 a3 39. Ng3 Qb1 40. Qf2 Ng6 41. Nf5
Bd4 42. Nh6+ Kh7 43. Qxf7+ Kxh6 44. h4 Qe4+ 45. Kg3 Qe3+ 46. Kh2 Qg1+ 47. Kh3
Qh1+ 48. Kg3 Qxh4+ 0-1

[Event "Riga Tech Open A 2015"]
[Site "Riga LAT"]
[Date "2015.08.12"]
[Round "4.3"]
[White "Melkumyan, Hrant"]
[Black "Lugovskoy, Maxim"]
[Result "1/2-1/2"]
[WhiteTitle "GM"]
[BlackTitle "IM"]
[WhiteElo "2633"]
[BlackElo "2431"]
[WhiteFideId "13302485"]
[BlackFideId "24126454"]
[EventDate "2015.08.10"]

1. d4 d5 2. c4 e6 3. g3 dxc4 4. Bg2 a6 5. Nf3 b5 6. Ne5 Ra7 7. O-O Bb7 8. Bxb7
Rxb7 9. a4 c6 10. Bf4 Nf6 11. Nd2 Qxd4 12. Qc2 Be7 13. b3 Nd5 14. axb5 cxb5 15.
bxc4 Nxf4 16. gxf4 Qxf4 17. cxb5 Rxb5 18. Ndf3 Rxe5 19. Nxe5 Qxe5 20. Qc8+ Bd8
21. Rfd1 Ke7 22. Rac1 Qxe2 23. Qxb8 Qg4+ 24. Kf1 Qh3+ 25. Ke2 Qh5+ 26. Ke3 Qh6+
27. Ke2 Qh5+ 28. f3 Qb5+ 29. Qxb5 axb5 30. Rc8 Re8 31. Rb8 g6 32. Rxb5 Kf8 33.
Rd7 Bf6 34. Rbb7 Re7 35. Kd3 Rxd7+ 36. Rxd7 Be5 37. h3 Kg7 38. Rb7 h5 39. Ke4
Kf6 40. f4 Bd6 1/2-1/2

[Event "Riga Tech Open A 2015"]
[Site "Riga LAT"]
[Date "2015.08.12"]
[Round "4.4"]
[White "Kovalev, Vladislav"]
[Black "Socko, Bartosz"]
[Result "1/2-1/2"]
[WhiteTitle "GM"]
[BlackTitle "GM"]
[WhiteElo "2540"]
[BlackElo "2622"]
[WhiteFideId "13504398"]
[BlackFideId "1107038"]
[EventDate "2015.08.10"]

1. e4 e5 2. Nf3 Nc6 3. Bb5 a6 4. Ba4 Nf6 5. O-O Be7 6. Re1 b5 7. Bb3 d6 8. c3
O-O 9. d4 Bg4 10. Be3 exd4 11. cxd4 Na5 12. Bc2 Nc4 13. Bc1 c5 14. b3 Nb6 15.
Nbd2 Nfd7 16. h3 Bh5 17. Bb2 Rc8 18. a4 bxa4 19. bxa4 cxd4 20. g4 Bg6 21. a5 Nc4
22. Nxc4 Rxc4 23. Bd3 Rc7 24. Bxa6 Nc5 25. Qxd4 Bf6 26. e5 dxe5 27. Qxd8 Rxd8
28. Bf1 e4 29. Bxf6 gxf6 30. Nh4 Ra7 31. a6 Rd6 32. Re3 Rd4 33. Rc3 Nd3 34. Rc6
Kg7 35. Rb6 Ne5 36. Bg2 Nd7 37. Rb5 Rc4 38. Bf1 Rd4 39. Ng2 Ne5 40. Ne3 Nd3 41.
Nd5 f5 42. g5 h6 43. h4 hxg5 44. hxg5 f4 45. Nf6 Rd8 46. Rb7 Rxb7 47. axb7 Nc5
48. Rb1 Rb8 49. Rb5 Nxb7 50. Bg2 e3 51. fxe3 fxe3 52. Bf3 Bd3 53. Nh5+ Kf8 54.
Rxb7 Re8 55. Nf6 e2 56. Bxe2 Rxe2 57. Rb8+ Ke7 58. Re8+ Kd6 59. Rd8+ Ke5 60.
Rxd3 Kf5 61. Rg3 Rd2 62. Rf3+ Kg6 63. Ne4 Re2 64. Rf6+ Kh5 65. Rf4 Kg6 66. Kf1
Ra2 67. Rf6+ Kg7 68. Ng3 Kh7 69. Nf5 Rb2 70. Nh6 Kg7 71. Nxf7 Rb5 72. Rf3 Kg6
73. Rf6+ Kg7 74. Rf4 Kg6 75. Kg2 Rf5 76. Rxf5 Kxf5 77. Kg3 Kg6 78. Kg4 Kxf7 79.
Kf5 1/2-1/2

[Event "Riga Tech Open A 2015"]
[Site "Riga LAT"]
[Date "2015.08.12"]
[Round "4.5"]
[White "Ziska, Helgi Dam"]
[Black "Hovhannisyan, Robert"]
[Result "1/2-1/2"]
[WhiteTitle "IM"]
[BlackTitle "GM"]
[WhiteElo "2515"]
[BlackElo "2612"]
[WhiteFideId "7200595"]
[BlackFideId "13302507"]
[EventDate "2015.08.10"]

1. e4 c6 2. Nc3 d5 3. Nf3 Bg4 4. h3 Bxf3 5. Qxf3 e6 6. d3 Nd7 7. Bd2 Bc5 8. Qg3
Bd4 9. Be2 Ne7 10. O-O a6 11. Kh1 O-O 12. f4 Qc7 13. Bf3 Rad8 14. Rab1 g6 15.
Ne2 Bg7 16. e5 c5 17. d4 cxd4 18. Nxd4 Nc6 19. Qf2 Nxd4 20. Qxd4 Rc8 21. c3 Rfd8
22. h4 Nc5 23. Be3 h5 24. c4 Ne4 25. Bxe4 dxe4 26. Qxe4 Qxc4 27. Qxc4 Rxc4 28.
Rbd1 Rd5 29. Rc1 Re4 30. Rc8+ Kh7 31. Bc1 Rd7 32. Rc2 Bf8 33. g3 Red4 34. Kg2
Kg7 35. Be3 Rd3 36. Kf2 f6 37. exf6+ Kxf6 38. Re1 Kf5 39. Rc8 Bb4 40. Re2 Rd8
41. Rc7 R8d7 42. Rc8 Rd8 43. Rc7 R8d7 44. Rc8 1/2-1/2

[Event "Riga Tech Open A 2015"]
[Site "Riga LAT"]
[Date "2015.08.12"]
[Round "4.6"]
[White "Usmanov, Vasily"]
[Black "Bartel, Mateusz"]
[Result "1-0"]
[WhiteTitle "IM"]
[BlackTitle "GM"]
[WhiteElo "2452"]
[BlackElo "2631"]
[WhiteFideId "4135741"]
[BlackFideId "1112635"]
[EventDate "2015.08.10"]

1. d4 d5 2. c4 c6 3. e3 Bf5 4. Nc3 e6 5. Nf3 Nd7 6. Be2 Ngf6 7. O-O Bd6 8. Nh4
Be4 9. f3 Bg6 10. f4 Ne4 11. Nxg6 hxg6 12. Nxe4 dxe4 13. h3 Qh4 14. Bd2 g5 15.
Be1 Qh6 16. c5 Bc7 17. Qb3 O-O-O 18. f5 e5 19. Qxf7 exd4 20. exd4 g4 21. Bxg4
Nf6 22. Qg6 Qxg6 23. fxg6+ Nxg4 24. hxg4 e3 25. Rf3 Rxd4 26. Rxe3 Rxg4 27. Bc3
Rxg6 28. Rae1 Bh2+ 29. Kf1 Rf8+ 30. Rf3 Rxf3+ 31. gxf3 Kd7 32. Re4 Bc7 33. Ra4
a6 34. Rb4 Kc8 35. Rh4 Rg5 36. Rh8+ Kd7 37. Rh7 Rxc5 38. Rxg7+ Kc8 39. Rg8+ Kd7
40. Rg7+ Kc8 41. Ke2 b5 42. Rg8+ Kb7 43. Rg7 Kc8 44. Kd3 a5 45. Rf7 Rc4 46. f4
a4 47. b3 axb3 48. axb3 Rc5 49. f5 Rd5+ 50. Ke4 Rd7 51. Rf6 Re7+ 52. Kf3 Kd7 53.
Bb4 Rh7 54. Kg4 Bd8 55. Rd6+ Kc7 56. f6 Rf7 57. Kf5 Be7 58. Ke6 Rxf6+ 59. Kxe7
Rf3 60. Ba5+ Kb7 61. b4 Rc3 62. Rd7+ Ka6 63. Rc7 c5 64. Rc6+ 1-0

[Event "Riga Tech Open A 2015"]
[Site "Riga LAT"]
[Date "2015.08.12"]
[Round "4.7"]
[White "Naroditsky, Daniel"]
[Black "Lapshun, Yury"]
[Result "1-0"]
[WhiteTitle "GM"]
[BlackTitle "IM"]
[WhiteElo "2631"]
[BlackElo "2439"]
[WhiteFideId "2026961"]
[BlackFideId "2006960"]
[EventDate "2015.08.10"]

1. d4 Nf6 2. c4 e6 3. Nc3 Bb4 4. f3 d5 5. a3 Bxc3+ 6. bxc3 c5 7. cxd5 exd5 8. e3
O-O 9. Bd3 b6 10. Ne2 Ba6 11. O-O Bxd3 12. Qxd3 Nbd7 13. Ng3 Re8 14. Bb2 Rc8 15.
Rae1 Qc7 16. Re2 Nf8 17. e4 Ng6 18. Qd2 Nf4 19. Ref2 cxd4 20. cxd4 N6h5 21. Nxh5
Nxh5 22. e5 g6 23. g4 Ng7 24. f4 Qe7 25. f5 gxf5 26. gxf5 Qh4 27. Rf4 Qh5 28.
Qg2 Kh8 29. Kh1 Rg8 30. Qf2 Ne8 31. Bc1 Rg4 32. e6 Nf6 33. Rxg4 Qxg4 34. Bf4 Ne4
35. Qg1 Rg8 36. Qxg4 Rxg4 37. h3 Rg7 38. f6 Rg8 39. e7 h5 40. Rg1 Rc8 41. Be5 b5
42. Rg7 Rc1+ 43. Kg2 Rc2+ 44. Kf3 Rc8 45. Kf4 1-0